[Event "IMMORTALITY BECKONS"]
[Site "SchemingMind.com"]
[Date "2019.09.10"]
[Round "-"]
[White "John Hamer"]
[Black "Greg Magne"]
[Result "1/2-1/2"]
[WhiteCountry "ENG"]
[BlackCountry "CAN"]
[WhiteElo "1938"]
[WhiteRD "67"]
[BlackElo "1810"]
[BlackRD "88"]
[GameID "445686"]

1. d4 d5 2. c4 c6 3. Nf3 e6 4. Nc3 Nf6 5. Bg5 dxc4 6. a4 Bb4 7. e3 b5 8. Be2 Bb7 9. O-O a6 10. Ne5 Nbd7
11. f4 O-O 12. Qc2 h6 13. Nxd7 Qxd7 14. Bxf6 gxf6 15. Ne4 Kg7 16. f5 Be7 17. Rad1 Rg8 18. Nc5 Bxc5 19. dxc5 Qe7 20. fxe6 fxe6
21. Bh5 f5 22. Qc3+ Kh7 23. Rd6 Rg7 24. Rfd1 Rag8 25. Bf3 e5 26. e4=
1/2-1/2

[Event "IMMORTALITY BECKONS"]
[Site "SchemingMind.com"]
[Date "2019.09.10"]
[Round "-"]
[White "Geoffrey Rosser"]
[Black "John Hamer"]
[Result "1/2-1/2"]
[WhiteCountry "ENG"]
[BlackCountry "ENG"]
[WhiteElo "1919"]
[WhiteRD "66"]
[BlackElo "1930"]
[BlackRD "69"]
[GameID "445687"]

1. e4 c6 2. d4 d5 3. e5 Bf5 4. Be2 e6 5. Bd2 c5 6. c3 Nc6 7. Nf3 cxd4 8. cxd4 Bb4 9. O-O Nge7 10. Nc3 O-O
11. Na4 b6 12. Bxb4 Nxb4 13. a3 Bc2 14. Qd2 Bxa4 15. Qxb4 Qd7 16. Rac1 Rad8 17. Bd3 Rb8 18. b3 Bc6 19. Ng5 g6 20. Qd2 h6
21. Nh3 Kh7 22. f4 Rbc8 23. Rf3 Bb5 24. Bb1 Kg8 25. f5 gxf5 26. Qxh6 Rxc1+ 27. Qxc1 Rc8 28. Qh6 Ng6 29. g4 Qc6 30. Bd3 Qc7
31. gxf5 Bxd3 32. Rxd3 exf5 33. Nf2 Qe7 34. b4 Rc4 35. Nh3 Qc7 36. Qe3 Kg7 37. Kf2 Rc2+ 38. Rd2 Rc3 39. Rd3 Rc6 40. Nf4 Rc2+=
1/2-1/2

[Event "IMMORTALITY BECKONS"]
[Site "SchemingMind.com"]
[Date "2019.09.10"]
[Round "-"]
[White "Phillip Beckett"]
[Black "John Hamer"]
[Result "0-1"]
[WhiteCountry "ENG"]
[BlackCountry "ENG"]
[WhiteElo "1508"]
[WhiteRD "49"]
[BlackElo "1938"]
[BlackRD "67"]
[GameID "445689"]

1. d4 e6 2. c4 b6 3. Nc3 Bb7 4. e4 Bb4 5. f3 f5 6. Bd3 Qh4+ 7. g3 Qh5 8. d5 Ne7 9. Bd2 O-O 10. Qe2 Bc5
11. O-O-O fxe4 12. fxe4 Qf7 13. Nh3 Na6 14. Rdf1 Qe8 15. Rxf8+ Qxf8 16. Rf1 Qe8 17. Ng5 Bd4 18. e5 Nf5 19. Bxf5 exf5 20. e6 h6
21. Nf7 Nc5 22. Rxf5 dxe6 23. Rf1 Kh7 24. Qh5 Kg8 25. Qg6 exd5 26. Nxh6+ Kh8 27. Nf7+ Kg8= 28. Nh6+ Kh8 29. Rf7 dxc4 30. Qh5 Nd3+
31. Kc2 Ne1+ 32. Bxe1 Be4+ 33. Nxe4 Qxe4+ 34. Kd1 Qb1+ 35. Ke2 Qd3#
0-1

[Event "IMMORTALITY BECKONS"]
[Site "SchemingMind.com"]
[Date "2019.09.10"]
[Round "-"]
[White "kenneth m day"]
[Black "John Hamer"]
[Result "0-1"]
[WhiteCountry "USA"]
[BlackCountry "ENG"]
[WhiteElo "1689"]
[WhiteRD "51"]
[BlackElo "1984"]
[BlackRD "69"]
[GameID "445690"]

1. e4 e5 2. f4 Nc6 3. Nf3 exf4 4. Nc3 d6 5. d4 g5 6. g3 g4 7. Nh4 f3 8. Nxf3 gxf3 9. Qxf3 Nxd4 10. Qd3 Bg7
11. Be3 Nf3+ 12. Ke2 Ne5 13. Qd2 Nc4 14. Qc1 Nf6 15. Bg5 O-O 16. Rb1 Be6 17. b3 Ne5 18. h3 Rc8 19. Qe3 a6 20. Bg2 b5
21. Rbd1 Re8 22. Bf4 Ng6 23. Bg5 b4 24. Nd5 Nxd5 25. exd5 f6 26. dxe6 fxg5 27. Bd5 Kh8 28. Kd2 Bc3+ 29. Kc1 c6 30. Bc4 Ne5
31. Rdf1 Qa5 32. Qxg5 Nd3+
0-1

[Event "IMMORTALITY BECKONS"]
[Site "SchemingMind.com"]
[Date "2019.09.10"]
[Round "-"]
[White "John Hamer"]
[Black "ray winteringham"]
[Result "1-0"]
[WhiteCountry "ENG"]
[BlackCountry "ENG"]
[WhiteElo "1938"]
[WhiteRD "67"]
[BlackElo "1488"]
[BlackRD "49"]
[GameID "445691"]

1. c4 e5 2. Nc3 Bc5 3. Nf3 d6 4. e3 Bg4 5. Be2 Nd7 6. O-O Ngf6 7. d4 Bb4 8. Bd2 h6 9. dxe5 Bxf3 10. Bxf3 Nxe5
11. Qa4+ Qd7 12. Qxb4 Nxf3+ 13. gxf3 O-O 14. e4 Qh3 15. Rae1 Qxf3 16. Re3 Qg4+ 17. Rg3 Qh5 18. Qxb7 Ng4 19. h3 Ne5 20. f4 Nxc4
21. Nd5 Kh8 22. Bc3 f6 23. Qxc7 Rfc8 24. Qxg7#
1-0

[Event "IMMORTALITY BECKONS"]
[Site "SchemingMind.com"]
[Date "2019.09.13"]
[Round "-"]
[White "John Hamer"]
[Black "Helga1946"]
[Result "0-1"]
[WhiteCountry "ENG"]
[BlackCountry "GER"]
[WhiteElo "1930"]
[WhiteRD "69"]
[BlackElo "2235"]
[BlackRD "64"]
[GameID "445692"]

1. c4 e6 2. d4 d5 3. Nc3 Bb4 4. Nf3 dxc4 5. Qa4+ Nc6 6. a3 Bxc3+ 7. bxc3 Qd5 8. Bf4 b5 9. Qc2 Na5 10. e4 Qb7
11. Rb1 Nb3 12. Ne5 Qa6 13. Be2 Ne7 14. O-O O-O 15. Rfd1 Bb7 16. f3 Ng6 17. Nxg6 fxg6 18. Bxc7 Rf7 19. Be5 Qxa3 20. f4 a5
21. Re1 Qe7 22. Bg4 a4 23. f5 exf5 24. exf5 a3 25. fxg6 hxg6 26. Qa2 Bd5 27. Bg3 Qg5 28. h3 Qd2 29. Qxd2 Nxd2 30. Ra1 a2
31. Be2 Ne4 32. Bf3 Nxc3 33. Bxd5 Nxd5 34. Re2 c3 35. Raxa2 Rxa2 36. Rxa2 b4 37. Re2 b3
0-1

[Event "IMMORTALITY BECKONS"]
[Site "SchemingMind.com"]
[Date "2019.09.13"]
[Round "-"]
[White "cnile"]
[Black "Geoffrey Rosser"]
[Result "0-1"]
[WhiteCountry "SCO"]
[BlackCountry "ENG"]
[WhiteElo "1448"]
[WhiteRD "59"]
[BlackElo "1883"]
[BlackRD "68"]
[GameID "445696"]

1. e4 e5 2. Nf3 Nc6 3. Bb5 Nf6 4. d3 d6 5. h3 Bd7 6. c3 Be7 7. Bc4 O-O 8. O-O Na5 9. Bb3 Nxb3 10. Qxb3 b6
11. Be3 Qe8 12. Nbd2 Ba4 13. Qc4 c5 14. Qxa4 Qxa4
0-1

[Event "IMMORTALITY BECKONS"]
[Site "SchemingMind.com"]
[Date "2019.09.12"]
[Round "-"]
[White "Steven DuCharme"]
[Black "cnile"]
[Result "1/2-1/2"]
[WhiteCountry "USA"]
[BlackCountry "SCO"]
[WhiteElo "1528"]
[WhiteRD "53"]
[BlackElo "1455"]
[BlackRD "59"]
[GameID "445697"]

1. b3 Nf6 2. Bb2 e6 3. g3 d5 4. Bg2 Be7 5. Nf3 c5 6. d3 Nc6 7. O-O O-O 8. Nbd2 a6 9. e4 dxe4 10. Nxe4 b5
11. Nfg5 Bb7 12. h4 Rc8 13. a3 Nxe4 14. Nxe4 Re8 15. f4 Nd4 16. c3 Nf5 17. Qf3 Qd7 18. Rad1 Qc7 19. Bc1 Red8 20. Be3 Nxe3
21. Qxe3 h6 22. f5 exf5 23. Rxf5 Bxe4 24. Bxe4 Bf6 25. Kg2 Bxc3 26. Bd5 Kh8 27. Bxf7 Qc6+ 28. Kh2 Bd4 29. Qf3 Qxf3 30. Rxf3=
1/2-1/2

[Event "IMMORTALITY BECKONS"]
[Site "SchemingMind.com"]
[Date "2019.09.12"]
[Round "-"]
[White "cnile"]
[Black "Greg Magne"]
[Result "0-1"]
[WhiteCountry "SCO"]
[BlackCountry "CAN"]
[WhiteElo "1455"]
[WhiteRD "59"]
[BlackElo "1756"]
[BlackRD "85"]
[GameID "445698"]

1. e4 c5 2. Nf3 d6 3. d4 cxd4 4. Nxd4 Nf6 5. Nc3 a6 6. Bg5 e6 7. f4 b5 8. e5 dxe5 9. fxe5 Qc7 10. Bxb5+ axb5
11. exf6 Qe5+ 12. Qe2 Qxg5 13. fxg7 Bxg7 14. Ndxb5 O-O 15. O-O Bb7 16. Nc7 Ra5 17. N7b5 Bxc3 18. Nxc3 Ba6
0-1

[Event "IMMORTALITY BECKONS"]
[Site "SchemingMind.com"]
[Date "2019.09.12"]
[Round "-"]
[White "cnile"]
[Black "GBEDARD"]
[Result "0-1"]
[WhiteCountry "SCO"]
[BlackCountry "USA"]
[WhiteElo "1455"]
[WhiteRD "59"]
[BlackElo "1936"]
[BlackRD "110"]
[GameID "445699"]

1. e4 d6 2. d4 Nf6 3. Nc3 g6 4. Be2 Bg7 5. Be3 O-O 6. h3 e5 7. Qd2 exd4 8. Bxd4 Re8 9. O-O-O Nc6 10. f3 Nxd4
11. Qxd4 Nxe4 12. Qb4 Qg5+ 13. Kb1 Nxc3+ 14. bxc3 Qxg2
0-1

[Event "IMMORTALITY BECKONS"]
[Site "SchemingMind.com"]
[Date "2019.09.12"]
[Round "-"]
[White "Phillip Beckett"]
[Black "cnile"]
[Result "0-1"]
[WhiteCountry "ENG"]
[BlackCountry "SCO"]
[WhiteElo "1497"]
[WhiteRD "51"]
[BlackElo "1455"]
[BlackRD "59"]
[GameID "445700"]

1. d4 d5 2. c4 e6 3. Nc3 Nf6 4. Bg5 Nbd7 5. e3 c6 6. Nf3 Qa5 7. Bxf6 Nxf6 8. Bd3 Bb4 9. Qc2 dxc4 10. Bxc4 Ne4
11. O-O Bxc3 12. bxc3 Qxc3 13. Qxe4 Qxc4 14. Rfc1 Qb4 15. Ne5 O-O 16. Nd3 Qe7 17. Ne5 a6 18. f4 Rb8 19. Nxc6 bxc6 20. Qxc6 Bb7
21. Qc7 Qxc7 22. Rxc7 Bd5 23. Rac1 Bxa2 24. Ra7 Ra8 25. Rcc7 Rxa7 26. Rxa7 Bc4 27. Kf2 g6 28. Rc7 Ra8 29. Rxc4 a5 30. Ra4 h5
31. Ke2 Kg7 32. Kd3 Kf6 33. e4 g5 34. fxg5+ Kxg5 35. d5 exd5 36. exd5 Kf5 37. Kd4 Ra6 38. g3 f6 39. Kc5 Ke5 40. Kb5 Ra8
41. Rxa5 Rxa5+ 42. Kxa5 Kxd5 43. Kb4 Ke4 44. Kc4 f5 45. Kc3 Ke3 46. Kc4 Ke4 47. Kc5 Kf3 48. Kd5 Kg2 49. Ke5 Kxh2 50. Kxf5 Kxg3
0-1

[Event "IMMORTALITY BECKONS"]
[Site "SchemingMind.com"]
[Date "2019.09.12"]
[Round "-"]
[White "John Hamer"]
[Black "cnile"]
[Result "1-0"]
[WhiteCountry "ENG"]
[BlackCountry "SCO"]
[WhiteElo "1930"]
[WhiteRD "69"]
[BlackElo "1455"]
[BlackRD "59"]
[GameID "445701"]

1. b4 e5 2. Bb2 Bxb4 3. Bxe5 Bf8 4. Nf3 d6 5. Bg3 Nf6 6. Nc3 Be7 7. e4 O-O 8. Bc4 c6 9. O-O Nh5 10. d4 Nxg3
11. fxg3 Bg4 12. Qd3 Nd7 13. a4 c5 14. Nd5 a6 15. c3 Rb8 16. Ne3 cxd4 17. Nxg4 Bf6 18. Rac1 Ne5 19. Nxf6+ Qxf6 20. Qxd4 Rfd8
21. Nxe5
1-0

[Event "IMMORTALITY BECKONS"]
[Site "SchemingMind.com"]
[Date "2019.09.12"]
[Round "-"]
[White "kenneth m day"]
[Black "cnile"]
[Result "1-0"]
[WhiteCountry "USA"]
[BlackCountry "SCO"]
[WhiteElo "1689"]
[WhiteRD "51"]
[BlackElo "1486"]
[BlackRD "62"]
[GameID "445702"]

1. e4 e5 2. f4 exf4 3. Nf3 g5 4. h4 g4 5. Ne5 d6 6. Nxg4 Nf6 7. Nxf6+ Qxf6 8. Qf3 h5 9. Nc3 Bg4 10. Qf2 Nc6
11. d3 O-O-O 12. Bxf4 Qg6 13. Be2 Bg7 14. Bd2 Nd4 15. O-O-O Nxe2+ 16. Nxe2 Rhe8 17. Rde1 Kb8 18. Rhf1 f6 19. Nc3 a6 20. Nd5 f5
21. exf5 Rxe1+ 22. Bxe1 Qe8 23. f6 Bh6+ 24. Bd2 Bxd2+ 25. Qxd2 Qf7 26. Qf4 Qxd5 27. Kb1 Rf8 28. Qh6 Qe6 29. Qxf8+ Ka7 30. f7 Kb6
31. Qe8
1-0

[Event "IMMORTALITY BECKONS"]
[Site "SchemingMind.com"]
[Date "2019.09.12"]
[Round "-"]
[White "cnile"]
[Black "ray winteringham"]
[Result "0-1"]
[WhiteCountry "SCO"]
[BlackCountry "ENG"]
[WhiteElo "1448"]
[WhiteRD "59"]
[BlackElo "1488"]
[BlackRD "49"]
[GameID "445703"]

1. e4 e5 2. Nf3 d6 3. Bc4 h6 4. Nc3 c6 5. h3 b5 6. Bb3 Bb7 7. a4 b4 8. Ne2 Be7 9. d4 Nd7 10. c3 a5
11. cxb4 axb4 12. Be3 Bf6 13. O-O exd4 14. Nexd4 c5 15. Rb1 cxd4 16. Bxd4 Bxe4 17. Be3 Bxb1 18. Qxb1 Ne7 19. Re1 O-O 20. Bf4 Nc5
21. Bd1 Nd5 22. Bd2 b3
0-1

[Event "IMMORTALITY BECKONS"]
[Site "SchemingMind.com"]
[Date "2019.09.13"]
[Round "-"]
[White "cnile"]
[Black "Helga1946"]
[Result "0-1"]
[WhiteCountry "SCO"]
[BlackCountry "GER"]
[WhiteElo "1486"]
[WhiteRD "62"]
[BlackElo "1916"]
[BlackRD "56"]
[GameID "445704"]

1. e4 e5 2. Nf3 Nf6 3. Nxe5 Qe7 4. Nf3 Nxe4 5. Qe2 d5 6. d3 Nc5 7. Qxe7+ Bxe7 8. d4 Ne6 9. Be3 O-O 10. Bd3 Bd6
11. O-O Re8 12. Nc3 c6 13. a3 Nd7 14. Ne2 b6 15. b4 g6 16. c3 a5 17. Rfc1 Ba6 18. Bxa6 Rxa6 19. h3 Rea8 20. bxa5 Rxa5
21. Ne1 Rxa3 22. Nc2 Ra2 23. Rxa2 Rxa2 24. Kf1 b5 25. Nb4 Bxb4 26. cxb4 Ra6 27. Nf4 Ndf8 28. g4 Nxf4 29. Bxf4 f6 30. Kg2 Ne6
31. Bd6 g5 32. Bc5 Nf4+ 33. Kh2 Ra3 34. Re1 Rxh3+ 35. Kg1 Rd3 36. Re3 Rxe3 37. fxe3 Ne2+ 38. Kf2 Nc3 39. Ke1 Kg7 40. Kd2 Ne4+
41. Kd3 f5 42. gxf5 Nxc5+ 43. dxc5 g4 44. Ke2 h5 45. Kf2 h4 46. Kg2 Kf6 47. Kf2 Kxf5
0-1

[Event "IMMORTALITY BECKONS"]
[Site "SchemingMind.com"]
[Date "2019.09.11"]
[Round "-"]
[White "Kenny Elliott"]
[Black "Greg Magne"]
[Result "0-1"]
[WhiteCountry "USA"]
[BlackCountry "CAN"]
[WhiteElo "1597"]
[WhiteRD "67"]
[BlackElo "1810"]
[BlackRD "88"]
[GameID "445741"]

1. d4 d5 2. c4 c6 3. Nc3 e6 4. Nf3 Nf6 5. Bg5 dxc4 6. e3 b5 7. a3 Bb7 8. Be2 Be7 9. O-O O-O 10. Bxf6 Bxf6
11. Ne4 Nd7 12. Nd6 Rb8 13. e4 e5 14. dxe5 Nxe5 15. Nxb7 Rxb7 16. Qxd8 Rxd8 17. Rad1 Rbd7 18. Rb1 a6 19. h3 h6 20. Nxe5 Bxe5
21. Bg4 Rd2 22. Rfd1 Bxb2 23. Rxd2 Rxd2 24. Bc8 c3
0-1

[Event "IMMORTALITY BECKONS"]
[Site "SchemingMind.com"]
[Date "2019.09.11"]
[Round "-"]
[White "Kenny Elliott"]
[Black "Steven DuCharme"]
[Result "1-0"]
[WhiteCountry "USA"]
[BlackCountry "USA"]
[WhiteElo "1656"]
[WhiteRD "65"]
[BlackElo "1528"]
[BlackRD "53"]
[GameID "445742"]

1. d4 Nf6 2. Nf3 b6 3. g3 Bb7 4. Bg2 e6 5. O-O Be7 6. Nc3 O-O 7. Re1 d6 8. e4 Nbd7 9. d5 e5 10. Bg5 h6
11. Bxf6 Bxf6 12. a3 Re8 13. b4 a6 14. a4 Qe7 15. Qd3 g5 16. b5 a5 17. Re2 Nc5 18. Qd2 Kg7 19. Rae1 g4 20. Nxe5 Bxe5
21. f4 Bxc3 22. Qxc3+ f6 23. e5 dxe5 24. fxe5 fxe5 25. Rxe5 Qxe5 26. Rxe5 Rxe5 27. Qxe5+ Kg6 28. Be4+ Nxe4 29. Qxe4+ Kh5 30. Qf5#
1-0

[Event "IMMORTALITY BECKONS"]
[Site "SchemingMind.com"]
[Date "2019.09.11"]
[Round "-"]
[White "Kenny Elliott"]
[Black "John Hamer"]
[Result "0-1"]
[WhiteCountry "USA"]
[BlackCountry "ENG"]
[WhiteElo "1656"]
[WhiteRD "65"]
[BlackElo "1930"]
[BlackRD "69"]
[GameID "445743"]

1. d4 Nf6 2. c4 g6 3. Nc3 Bg7 4. Nf3 d6 5. g3 O-O 6. Bg2 Nbd7 7. O-O e5 8. dxe5 dxe5 9. e4 c6 10. Bg5 Qc7
11. Re1 Nc5 12. b4 Ne6 13. Bxf6 Bxf6 14. b5 Rd8 15. Qb3 Nc5 16. Qa3 Nd3 17. Red1 Be7 18. Qb3 Be6 19. Nd5 cxd5 20. cxd5 Nc5
21. Rac1 Bg4 22. h3 Bd7 23. Qb2 Bd6 24. Rc4 b6 25. a4 Rac8 26. Qe2 Ra8 27. Rdc1 Qb8 28. Qe3 Bf8 29. h4 Qd6 30. h5 Be7
31. h6 Rac8 32. Qa3 Nxe4 33. Qxd6 Nxd6 34. Rxc8 Rxc8 35. Rxc8+ Bxc8 36. Nxe5 Bf8 37. Nc6 a5 38. Na7 Bf5 39. Nc6 Bxh6 40. Ne7+ Kg7
41. Nxf5+ Nxf5 42. Be4 Nd6 43. g4 Nxe4
0-1

[Event "IMMORTALITY BECKONS"]
[Site "SchemingMind.com"]
[Date "2019.09.11"]
[Round "-"]
[White "ray winteringham"]
[Black "Kenny Elliott"]
[Result "0-1"]
[WhiteCountry "ENG"]
[BlackCountry "USA"]
[WhiteElo "1488"]
[WhiteRD "49"]
[BlackElo "1597"]
[BlackRD "67"]
[GameID "445744"]

1. d4 Nf6 2. Nc3 d5 3. Bg5 Ne4 4. Bd2 Nc6 5. e3 e6 6. Bd3 Nxc3 7. Bxc3 Qg5 8. g3 e5 9. Nf3 Qh5 10. Be2 Bg4
11. dxe5 Bb4 12. Qxd5 Bxc3+ 13. bxc3 O-O 14. Qd1 Rad8 15. Nd4 Bxe2 16. Nxe2 Rxd1+
0-1

[Event "IMMORTALITY BECKONS"]
[Site "SchemingMind.com"]
[Date "2019.09.11"]
[Round "-"]
[White "Geoffrey Rosser"]
[Black "Kenny Elliott"]
[Result "1-0"]
[WhiteCountry "ENG"]
[BlackCountry "USA"]
[WhiteElo "1919"]
[WhiteRD "66"]
[BlackElo "1656"]
[BlackRD "65"]
[GameID "445745"]

1. e4 c5 2. c3 d6 3. Nf3 Bg4 4. Bb5+ Nd7 5. O-O Nf6 6. Re1 a6 7. Bxd7+ Qxd7 8. d4 Bxf3 9. Qxf3 e5 10. dxe5 dxe5
11. Na3 c4 12. Nxc4 Qc7 13. Ne3 Be7 14. Nf5 O-O 15. Nxe7+ Qxe7 16. Bg5 Kh8 17. Rad1 Qe6 18. Bxf6 gxf6 19. Rd5 Qb6 20. Red1 Rfd8
21. b3 Rxd5 22. exd5 Rd8 23. c4 a5 24. c5 Qc7 25. Qxf6+ Kg8 26. d6 Qd7 27. Rd3 e4 28. Rg3+ Kf8 29. Qh8#
1-0

[Event "IMMORTALITY BECKONS"]
[Site "SchemingMind.com"]
[Date "2019.09.12"]
[Round "-"]
[White "Kenny Elliott"]
[Black "cnile"]
[Result "1-0"]
[WhiteCountry "USA"]
[BlackCountry "SCO"]
[WhiteElo "1656"]
[WhiteRD "65"]
[BlackElo "1455"]
[BlackRD "59"]
[GameID "445746"]

1. d4 Nf6 2. c4 e6 3. Nf3 d5 4. Nc3 c6 5. Bg5 Nbd7 6. c5 h6 7. Bh4 g5 8. Bg3 Be7 9. Qd3 Nh5 10. Be5 Nxe5
11. Nxe5 Nf4 12. Qf3 Bd7 13. e3 Ng6 14. Nxg6 fxg6 15. Bd3 Rg8 16. Ne2 Qc7 17. Nc3 O-O-O 18. O-O-O Rdf8 19. Qe2 e5 20. Qc2 e4
21. Be2 g4 22. g3 Rxf2 23. Rdf1 Rgf8 24. Nd1 Rxf1 25. Bxf1 Kb8 26. Qb3 Bg5 27. Kb1 Qa5 28. Be2 Qd2 29. Nc3 Qxe3 30. a4 Qxd4
31. a5 Qxc5 32. Na4 b6 33. Nxc5
1-0

[Event "IMMORTALITY BECKONS"]
[Site "SchemingMind.com"]
[Date "2019.09.11"]
[Round "-"]
[White "Kenny Elliott"]
[Black "GBEDARD"]
[Result "0-1"]
[WhiteCountry "USA"]
[BlackCountry "USA"]
[WhiteElo "1656"]
[WhiteRD "65"]
[BlackElo "1936"]
[BlackRD "110"]
[GameID "445747"]

1. d4 Nf6 2. c4 e6 3. Nf3 c5 4. Nc3 cxd4 5. Nxd4 d5 6. Qb3 e5 7. Nc2 d4 8. Nd5 Nbd7 9. e3 Nc5 10. Nxf6+ Qxf6
11. Qb5+ Bd7 12. Qa5 Ne4 13. c5 Qxf2+ 14. Kd1 Bg4+
0-1

[Event "IMMORTALITY BECKONS"]
[Site "SchemingMind.com"]
[Date "2019.09.11"]
[Round "-"]
[White "Phillip Beckett"]
[Black "Kenny Elliott"]
[Result "0-1"]
[WhiteCountry "ENG"]
[BlackCountry "USA"]
[WhiteElo "1508"]
[WhiteRD "49"]
[BlackElo "1597"]
[BlackRD "67"]
[GameID "445748"]

1. d4 Nf6 2. c4 g6 3. Nc3 Bg7 4. e4 d6 5. f3 O-O 6. Be3 c5 7. d5 e6 8. h4 Qb6 9. Qd2 Nbd7 10. Na4 Qc7
11. h5 Nxh5 12. Bh6 Bxh6 13. Ne2 Bxd2+
0-1

[Event "IMMORTALITY BECKONS"]
[Site "SchemingMind.com"]
[Date "2019.09.11"]
[Round "-"]
[White "kenneth m day"]
[Black "Kenny Elliott"]
[Result "1-0"]
[WhiteCountry "USA"]
[BlackCountry "USA"]
[WhiteElo "1689"]
[WhiteRD "51"]
[BlackElo "1653"]
[BlackRD "67"]
[GameID "445749"]

1. e4 c5 2. d4 cxd4 3. c3 dxc3 4. Nxc3 e5 5. Nf3 Nc6 6. Bc4 h6 7. O-O Bc5 8. Re1 Nf6 9. a3 O-O 10. h3 d6
11. Be3 Bxe3 12. Rxe3 Qe7 13. Rc1 Be6 14. Bxe6 Qxe6 15. Rd3 Rad8 16. Rc2 a6 17. Rcd2 Ne8 18. Nd5 f5 19. exf5 Rxf5 20. Re3 Nf6
21. Nxf6+ Qxf6 22. Rd5 Rf4 23. Qb3 Kh8 24. Qxb7 Nd4 25. Nxd4 Rxf2 26. Rf3 Rxf3 27. Nxf3 e4 28. Nd4 g6 29. Qxa6 e3 30. Qe2 Re8
31. Nf3 Qe6 32. Rd3 Qe4 33. Ne1 Qf4 34. Nc2 Rc8 35. Qxe3 Qh4 36. Qd4+ Qxd4+ 37. Nxd4 Rc1+ 38. Kh2 Rc4 39. Rd2 d5 40. Ne2 Kg7
41. b3 Rc5 42. Nf4 Rc3 43. Rd3 Rxd3 44. Nxd3 Kf6 45. Kg3 Ke6 46. Kf3 Kd6 47. Ke3 Kc6 48. Kd4 Kd6 49. a4
1-0

[Event "IMMORTALITY BECKONS"]
[Site "SchemingMind.com"]
[Date "2019.09.13"]
[Round "-"]
[White "Kenny Elliott"]
[Black "Helga1946"]
[Result "0-1"]
[WhiteCountry "USA"]
[BlackCountry "GER"]
[WhiteElo "1656"]
[WhiteRD "65"]
[BlackElo "2235"]
[BlackRD "64"]
[GameID "445750"]

1. d4 d5 2. c4 dxc4 3. e4 b5 4. a4 c6 5. b3 e5 6. Nf3 Bg4 7. Be2 Bxf3 8. Bxf3 Bb4+ 9. Bd2 Bxd2+ 10. Nxd2 c3
11. axb5 cxd2+ 12. Qxd2 exd4 13. e5 Ne7 14. bxc6 Nbxc6 15. O-O Rb8 16. Bxc6+ Nxc6 17. Rfb1 O-O 18. Qf4 Re8 19. Rc1 Qd5 20. Rxc6 Qxc6
21. Rc1 Qd5 22. e6 fxe6 23. Rc7 Qf5 24. Qc1 Rxb3
0-1

[Event "IMMORTALITY BECKONS"]
[Site "SchemingMind.com"]
[Date "2019.09.12"]
[Round "-"]
[White "Greg Magne"]
[Black "Aleksandr Frenkel"]
[Result "0-1"]
[WhiteCountry "CAN"]
[BlackCountry "USA"]
[WhiteElo "1810"]
[WhiteRD "88"]
[BlackElo "2216"]
[BlackRD "74"]
[GameID "445790"]

1. Nf3 d5 2. d4 Nf6 3. c4 e6 4. Nc3 a6 5. Bg5 dxc4 6. e4 Be7 7. Bxc4 b5 8. Bd3 Bb7 9. O-O h6 10. Bh4 Nbd7
11. Rc1 b4 12. e5 bxc3 13. exf6 Nxf6 14. bxc3 O-O 15. Re1 c5 16. Bb1 cxd4 17. cxd4 Bxf3 18. Qxf3 Qxd4 19. Bxf6 Bxf6 20. Re4 Qd5
21. Qg3 Rfd8 22. h3 Qd2 23. Rce1 Rab8 24. R4e2 Rxb1 25. Rxd2 Rxe1+ 26. Kh2 Rxd2
0-1

[Event "IMMORTALITY BECKONS"]
[Site "SchemingMind.com"]
[Date "2019.09.12"]
[Round "-"]
[White "Aleksandr Frenkel"]
[Black "Kenny Elliott"]
[Result "1-0"]
[WhiteCountry "USA"]
[BlackCountry "USA"]
[WhiteElo "2216"]
[WhiteRD "74"]
[BlackElo "1597"]
[BlackRD "67"]
[GameID "445791"]

1. e4 c5 2. Nf3 d6 3. d4 cxd4 4. Nxd4 e5 5. Bb5+ Bd7 6. Bxd7+ Nxd7 7. Nf5 Qb6 8. Nc3 g6 9. Ne3 Bg7 10. Nc4 Qd8
11. Nxd6+ Kf8 12. Qd5 Qe7 13. b3 Ngf6 14. Qxb7 Nb6 15. Qxe7+ Kxe7 16. Ba3 Ke6 17. Ncb5 Kd7 18. Nxf7 Kc6 19. Nxh8 Kxb5 20. Nf7 Nxe4
21. c4+ Ka6 22. O-O Nf6 23. Nxe5 Re8 24. Rfe1 Bh6 25. Nd3 Rd8 26. Nc5+ Ka5 27. b4#
1-0

[Event "IMMORTALITY BECKONS"]
[Site "SchemingMind.com"]
[Date "2019.09.13"]
[Round "-"]
[White "Aleksandr Frenkel"]
[Black "Geoffrey Rosser"]
[Result "1-0"]
[WhiteCountry "USA"]
[BlackCountry "ENG"]
[WhiteElo "2216"]
[WhiteRD "74"]
[BlackElo "1883"]
[BlackRD "68"]
[GameID "445792"]

1. e4 e5 2. Nf3 Nc6 3. Bb5 Nf6 4. O-O Be7 5. Re1 d6 6. h3 O-O 7. c3 a6 8. Ba4 b5 9. Bc2 Ne8 10. d4 exd4
11. cxd4 Bb7 12. Nc3 Nb8 13. a4 bxa4 14. Bxa4 Nc6 15. Nd5 Nf6 16. Qb3 Rb8 17. Bxc6 Bxc6 18. Qxb8 Qxb8 19. Nxe7+ Kh8 20. Nxc6 Qb7
21. d5 Re8 22. Ra3 h6 23. Rae3 Nd7 24. Nfd4 Nc5 25. b4 Nd7 26. Nf5 Ne5 27. Bb2 Nxc6 28. dxc6 Qxb4 29. Nxg7 Rg8 30. Bc3 Qc4
31. Nh5+
1-0

[Event "IMMORTALITY BECKONS"]
[Site "SchemingMind.com"]
[Date "2019.09.12"]
[Round "-"]
[White "cnile"]
[Black "Aleksandr Frenkel"]
[Result "0-1"]
[WhiteCountry "SCO"]
[BlackCountry "USA"]
[WhiteElo "1455"]
[WhiteRD "59"]
[BlackElo "2243"]
[BlackRD "75"]
[GameID "445793"]

1. e4 e5 2. Nf3 Nc6 3. Bb5 a6 4. Ba4 Nf6 5. O-O Be7 6. Re1 b5 7. Bb3 O-O 8. c3 d6 9. h3 Nb8 10. d4 Nbd7
11. Nbd2 Bb7 12. g4 g6 13. Nf1 Nxe4 14. Rxe4 Bxe4 15. N1h2 c5 16. Be3 exd4 17. cxd4 c4 18. Bc2 Bb7 19. h4 Nf6 20. g5 Nd5
21. Bd2 Qd7 22. Ng4 Qxg4+ 23. Kf1 Nc3 24. Bxc3 Bxf3
0-1

[Event "IMMORTALITY BECKONS"]
[Site "SchemingMind.com"]
[Date "2019.09.12"]
[Round "-"]
[White "GBEDARD"]
[Black "Aleksandr Frenkel"]
[Result "1/2-1/2"]
[WhiteCountry "USA"]
[BlackCountry "USA"]
[WhiteElo "2090"]
[WhiteRD "96"]
[BlackElo "2243"]
[BlackRD "75"]
[GameID "445794"]

1. e4 e5 2. Nf3 Nc6 3. Bb5 a6 4. Ba4 Nf6 5. O-O Be7 6. Re1 b5 7. Bb3 O-O 8. c3 d6 9. h3 Nb8 10. d4 Nbd7
11. Bc2 c5 12. a4 Bb7 13. d5 c4 14. Be3 Qc7 15. Na3 Nc5 16. Nd2 Qd7 17. f4 exf4 18. Bxf4 Ne8 19. Nf1 f5 20. exf5 Bh4
21. g3 Bd8 22. Ne3 Nf6 23. Kh2 Re8 24. Qd2 Bb6 25. axb5 axb5 26. Rad1 Nce4 27. Bxe4 Nxe4 28. Qg2 Nxc3 29. bxc3 Rxa3 30. Qd2 Bxe3
31. Rxe3 b4 32. Rxe8+ Qxe8 33. cxb4 c3 34. Qc2 Qb5 35. Kg1 Bxd5 36. Qd3 Qxd3 37. Rxd3 Be4 38. Rxd6 c2 39. Rd8+ Kf7 40. Rc8 Rb3
41. Rc5 Rxb4 42. g4 g6 43. Bg5 gxf5 44. gxf5 Rb7 45. h4 Kg7 46. h5 h6 47. f6+ Kf7 48. Bxh6 Kxf6=
1/2-1/2

[Event "IMMORTALITY BECKONS"]
[Site "SchemingMind.com"]
[Date "2019.09.12"]
[Round "-"]
[White "Aleksandr Frenkel"]
[Black "Phillip Beckett"]
[Result "1-0"]
[WhiteCountry "USA"]
[BlackCountry "ENG"]
[WhiteElo "2216"]
[WhiteRD "74"]
[BlackElo "1508"]
[BlackRD "49"]
[GameID "445795"]

1. e4 e5 2. Nf3 Nc6 3. Bc4 Nf6 4. Ng5 Bc5 5. d3 O-O 6. O-O d6 7. h3 Nd4 8. c3 Ne6 9. Bb3 h6 10. Nf3 Nh7
11. d4 exd4 12. cxd4 Bb6 13. Nc3 Nhg5 14. Nxg5 Nxg5 15. f4 Ne6 16. Be3 Qh4 17. f5 Nxd4 18. Bxd4 Bxd4+ 19. Qxd4 Bd7 20. Nd5 Rfc8
21. Rf4 Qd8 22. Rg4 c6 23. Qxg7#
1-0